| Tag |
First Indicator |
Second Indicator |
Subfields |
| LEADER |
00000cam a2200000 4500 |
| 001 |
in00001016513 |
| 005 |
20150927221853.0 |
| 008 |
700817s1970 oncab b 00100 eng |
| 010 |
|
|
|a 71486954
|
| 015 |
|
|
|a C***
|
| 020 |
|
|
|a 0802052231
|c 8.50
|
| 035 |
|
|
|a (OCoLC)00091815
|
| 035 |
|
|
|9 AFD9083AM
|
| 040 |
|
|
|a DLC
|c DLC
|d TXA
|d UtOrBLW
|
| 043 |
|
|
|a n-cn-nt
|
| 049 |
|
|
|a TXAM
|
| 050 |
0 |
0 |
|a F1060.7
|b .R84
|
| 082 |
0 |
|
|a 917.12/2/031
|
| 100 |
1 |
|
|a Ross, Eric.
|
| 245 |
1 |
0 |
|a Beyond the river and the bay ;
|b some observations on the state of the Canadian Northwest in 1811 with a view to providing the intending settler with an intimate knowledge of that country.
|
| 264 |
|
1 |
|a Toronto :
|b University of Toronto Press,
|c [1970]
|
| 264 |
|
4 |
|c ©1970
|
| 300 |
|
|
|a xiii, 190 pages :
|b illustrations, maps (5 folded in pocket) ;
|c 25 cm.
|
| 336 |
|
|
|a text
|b txt
|2 rdacontent
|
| 337 |
|
|
|a unmediated
|b n
|2 rdamedia
|
| 338 |
|
|
|a volume
|b nc
|2 rdacarrier
|
| 504 |
|
|
|a Bibliography: pages [142]-159.
|
| 500 |
|
|
|a Maps number 1,2,4,7, & 9 in pocket.
|
| 500 |
|
|
|a Includes index.
|
| 651 |
|
0 |
|a Northwest, Canadian
|x Description and travel.
|
| 650 |
|
0 |
|a Indians of North America
|z Northwest, Canadian.
|
| 999 |
|
|
|a MARS
|
| 999 |
f |
f |
|s 4d6ab962-2d21-3b62-b5b0-dedf11801dac
|i 87c25bc2-d8d2-3843-836c-e49026a3d78d
|t 0
|
| 952 |
f |
f |
|p ric
|a Texas A&M University
|b Rellis Campus
|c Joint Library Facility
|d Remote Storage
|t 0
|e F1060.7 .R84
|h Library of Congress classification
|i unmediated -- volume
|m A14814383019
|
| 998 |
f |
f |
|a F1060.7 .R84
|t 0
|l Remote Storage
|